Представление документа в формате MARC21

Поле Инд. ПП Название Значение
Тип записи a
Библиографический уровень m
001 Контрольный номер cc40c26c76ad4b82b72123669022996c
005 Дата корректировки 20240131091500.5
040 b Код языка каталог. rus
041 0_ a Код языка текста rus
080 a Индекс УДК 004.42(076.5)
084 a Индекс другой классификации/Индекс ББК 32.973я73
090 x Авторский знак О-75
097 b Оператор 02
245 10 a Заглавие Основы алгоритмизации и программирования
b Продолж. заглавия лабораторный практикум
c Ответственность сост. Е. И. Николаев
h Физич. носитель только электронный вариант
260 a Место издания Ставрополь
b Издательство СКФУ
c Дата издания 2015
300 a Объем 211 с.
510 0_ a Примечание о ссылках Книги и методические пособия
650 04 a Основная рубрика 50.41 Программное обеспечение вычислительных машин, комплексов и сетей
x Основная подрубрика 50.41.17 Системное программное обеспечение
653 0_ a Ключевые слова алгоритмизация; программирование; программные приложения; Framework
901 t Тип документа m